LEADER 00723nam a2200193 i 4500 001 000000240048 003 CaOOAMICUS 005 20150323000000.0 008 150323s1859 it u000 u ita u 013 $a218953 040 $aSeMil$bita 245 10$aVol. 96. 300 $a334 p. 773 0 $aMoroni Romano, Gaetano$tDizionario di erudizione storico-ecclesiastica da s. Pietro sino ai nostri giorni specialmente intorno ai principali santi ....$dIn Venezia : Tipografia Emiliana, 1840.$g96$w()31604 850 $aSeMil 852 $aSeMil$W1$xVenegono$y1$m3D III 125 FA$j190394$B190394$CSeMilBibl$Z2$F201249 $8I 941 1 $a10 961 $aRecupero: Mantegazza 996 $6245$aVol. 96$9(OLS)http://semarc/title/341641 LEADER 01413nam a2200277 i 4500 001 000000123228 003 CaOOAMICUS 005 20240724142701.0 008 040405s1983 it u000 u lat u 013 $a95924 040 $aSeMil$bita 100 1 $aMarliano, Giovanni Bartolomeo <1500c.-1566>.$0(OLS)http://semarc/name/51197 245 10$aUrbis Romae Topographia B. Marliani ad Franciscum Regem Gallorum eiusdem urbis liberatorem invictum. 250 $a[Ristampa anastatica]. 260 $a[S.l. :$bs.n.],$cstampa 1983$e(Roma :$fTipolitografia del R.U.D.,$gstampa 1983) 300 $a122 p. :$briccamente ill. ;$c33 cm. 500 $aFacsimile dell'ed. : Romae in aedibus Valerij Dorici & Aloisij fratris, Academiae Romanae impressorum, Mense Setembris, 1543. - In preliminari : Dedica autografa al Card. C.M. Martini. - Fondo Card. C.M. Martini. 650 4$aRoma - Storia - Origini.$0(OLS)http://semarc/subject/2695 650 4$aRoma - Topografia.$0(OLS)http://semarc/subject/388 850 $aSeMil 852 $aSeMil$W1$xVenegono$y1$m5L X 23$j77984$B77984$CSeMilBibl$Z2$F81695 $8I 941 1 $a4 961 $aOmaggio: Martini Card. Carlo Maria 996 $6245$aUrbis Romae Topographia B. Marliani ad Franciscum Regem Gallorum eiusdem urbis liberatorem invictum$9(OLS)http://semarc/title/181298 996 $6260$a[S.l. :$bs.n.]$9(OLS)http://semarc/publisher/29751